书目信息 |
| 题名: |
马克思主义法律思想研究
|
|
| 作者: | 付子堂 著 | |
| 分册: | ||
| 出版信息: | 北京 高等教育出版社 2005.03 |
|
| 页数: | 291页 | |
| 开本: | 22cm | |
| 丛书名: | ||
| 单 册: | ||
| 中图分类: | D90 | |
| 科图分类: | ||
| 主题词: | 马克思主义--ma ke si zhu yi--法学--研究生--教材 | |
| 电子资源: | ||
| ISBN: | 7-04-016215-6 | |
| 000 | 00952nam0 2200265 450 | |
| 001 | 012006977535 | |
| 005 | 20060805091043.50 | |
| 010 | @a7-04-016215-6@dCNY31.00 | |
| 100 | @a20060805d2005 km y0chiy0120 ea | |
| 101 | 0 | @achi |
| 102 | @aCN@b110000 | |
| 105 | @ay a 000yy | |
| 106 | @ar | |
| 200 | 1 | @a马克思主义法律思想研究@Ama ke si zhu yi fa lu si xiang yan jiu@d= On the Marxist Legal thoughts@f付子堂著@Ffu zi tang zhu@zeng |
| 210 | @a北京@c高等教育出版社@d2005.03 | |
| 215 | @a291页@d22cm | |
| 300 | @a教育部研究生工作办公室推荐 | |
| 320 | @a有书目。 | |
| 330 | @a本书通过研究马克思主义经典作家有代表性的著作,系统清理了从马克思到邓小平关于法律问题的论述,勾画出马克思主义法律观的创立和发展脉络。 | |
| 510 | 1 | @aOn the Marxist Legal thoughts@zeng |
| 606 | 0 | @a马克思主义@Ama ke si zhu yi@x法学@x研究生@j教材 |
| 690 | @aD90@v4 | |
| 701 | 0 | @a付子堂@Afu zi tang@4著 |
| 801 | 0 | @aCN@bQSSK@c20060805 |
| 905 | @b598062-64@dD90@eF831 | |
| 马克思主义法律思想研究= On the Marxist Legal thoughts/付子堂著.-北京:高等教育出版社,2005.03 |
| 291页;22cm |
| 教育部研究生工作办公室推荐 |
| ISBN 7-04-016215-6:CNY31.00 |
| 本书通过研究马克思主义经典作家有代表性的著作,系统清理了从马克思到邓小平关于法律问题的论述,勾画出马克思主义法律观的创立和发展脉络。 |
| ● |
| 相关链接 |
|
|
|
正题名:马克思主义法律思想研究
索取号:D90/F831
 
预约/预借
| 序号 | 登录号 | 条形码 | 馆藏地/架位号 | 状态 | 备注 |
| 1 | 598062 | 205980624 | 社科库509/509社科库 79排9列6层/ [索取号:D90/F831] | 在馆 | |
| 2 | 598063 | 205980633 | 社科库509/509社科库 79排9列6层/ [索取号:D90/F831] | 在馆 | |
| 3 | 598064 | 205980642 | 社科库509/509社科库 79排9列6层/ [索取号:D90/F831] | 在馆 |